00425 a2200109 4500001001000000005001700010008004100027245015100068100001900219773006000238999001700298ART_4257520260410161943.0260409a 10aNotas prácticas sobre el denominado período de reserva del puesto de trabajo contemplado en el artículo 211 de la ley de contrato de trabajo1 aTula, Diego J.0 tTemas de derecho laboralg- Nº 7 (jul. 2017)wREV27619 c29651d29651